<?xml version="1.0" encoding="UTF-8"?>
<record
    xmlns:xsi="http://www.w3.org/2001/XMLSchema-instance"
    xsi:schemaLocation="http://www.loc.gov/MARC21/slim http://www.loc.gov/standards/marcxml/schema/MARC21slim.xsd"
    xmlns="http://www.loc.gov/MARC21/slim">

  <leader>01482nam a22002297a 4500</leader>
  <controlfield tag="001">6667</controlfield>
  <controlfield tag="003">FISKH</controlfield>
  <controlfield tag="005">20250519155422.0</controlfield>
  <controlfield tag="008">250519b        cb ||||| |||| 00| 0 eng d</controlfield>
  <datafield tag="040" ind1=" " ind2=" ">
    <subfield code="a">FISKH</subfield>
    <subfield code="b">khr</subfield>
    <subfield code="c">FISKH</subfield>
    <subfield code="d">FISKH</subfield>
  </datafield>
  <datafield tag="082" ind1=" " ind2=" ">
    <subfield code="a">510</subfield>
  </datafield>
  <datafield tag="100" ind1=" " ind2=" ">
    <subfield code="a">Sam Un, Chey</subfield>
  </datafield>
  <datafield tag="245" ind1=" " ind2=" ">
    <subfield code="a">&#x1780;&#x17C6;&#x178E;&#x17C2;&#x179B;&#x17C6;&#x17A0;&#x17B6;&#x178F;&#x17CB; &#x1782;&#x178E;&#x17B7;&#x178F;&#x179C;&#x17B7;&#x1791;&#x17D2;&#x1799;&#x17B6; :</subfield>
    <subfield code="b">&#x1780;&#x17C6;&#x179A;&#x17B7;&#x178F;&#x1798;&#x17BC;&#x179B;&#x178A;&#x17D2;&#x178B;&#x17B6;&#x1793; &#x1790;&#x17D2;&#x1793;&#x17B6;&#x1780;&#x17CB;&#x1791;&#x17B8;&#x17E1;&#x17E2;&#x200B; /</subfield>
    <subfield code="c">&#x179A;&#x17C0;&#x1794;&#x179A;&#x17C0;&#x1784;&#x178A;&#x17C4;&#x1799; &#x1787;&#x17D0;&#x1799; &#x179F;&#x17C6;&#x17A2;&#x17BB;&#x1793; &#x1793;&#x17B7;&#x1784; &#x1787;&#x17C3; &#x179F;&#x17C6;&#x17A2;&#x17B6;&#x178F;&#x200B;</subfield>
  </datafield>
  <datafield tag="260" ind1=" " ind2=" ">
    <subfield code="a">&#x1797;&#x17D2;&#x1793;&#x17C6;&#x1796;&#x17C1;&#x1789; :</subfield>
    <subfield code="b">&#x179F;&#x17B6;&#x1780;&#x179B;&#x179C;&#x17B7;&#x1791;&#x17D2;&#x1799;&#x17B6;&#x179B;&#x17D0;&#x1799; &#x17AF;&#x1780;&#x1791;&#x17C1;&#x179F; &#x1793;&#x17C3;&#x1780;&#x1798;&#x17D2;&#x1796;&#x17BB;&#x1787;&#x17B6; ,</subfield>
    <subfield code="c">&#x17E2;&#x17E0;&#x17E1;&#x17E0; .</subfield>
  </datafield>
  <datafield tag="300" ind1=" " ind2=" ">
    <subfield code="a">239 pages : </subfield>
    <subfield code="b">illustrations ; </subfield>
    <subfield code="c">15 cm . </subfield>
  </datafield>
  <datafield tag="520" ind1=" " ind2=" ">
    <subfield code="a">&#x179F;&#x17C0;&#x179C;&#x1797;&#x17C5;&#x1780;&#x17C6;&#x178E;&#x17C2;&#x179F;&#x1798;&#x17D2;&#x179A;&#x17B6;&#x1794;&#x17CB;&#x1790;&#x17D2;&#x1793;&#x17B6;&#x1780;&#x17CB;&#x1791;&#x17B8;&#x17E1;&#x17E2; &#x1787;&#x17B6;&#x179C;&#x178E;&#x17D2;&#x178E;&#x1780;&#x1798;&#x17D2;&#x1798;&#x1790;&#x17D2;&#x1798;&#x17B8;&#x1798;&#x17BD;&#x1799;&#x1791;&#x17C0;&#x178F;&#x178A;&#x17C2;&#x179B;&#x179F;&#x1784;&#x17D2;&#x1780;&#x178F;&#x17CB;&#x1792;&#x17D2;&#x1784;&#x1793;&#x17CB;&#x1791;&#x17C5;&#x179B;&#x17BE;&#x179B;&#x17C6;&#x17A0;&#x17B6;&#x178F;&#x17CB;&#x1794;&#x17C2;&#x1794;&#x1782;&#x1793;&#x17D2;&#x179B;&#x17BA;&#x17C7;&#x1787;&#x17B6;&#x1798;&#x17BC;&#x179B;&#x178A;&#x17D2;&#x178B;&#x17B6;&#x1793;&#x179F;&#x1798;&#x17D2;&#x179A;&#x17B6;&#x1794;&#x17CB;&#x1785;&#x17B6;&#x1794;&#x17CB;&#x1799;&#x1780;&#x1785;&#x17C6;&#x178E;&#x17C1;&#x17C7;&#x178A;&#x17BA;&#x1784;&#x1782;&#x17D2;&#x179A;&#x17BA;&#x17C7;&#x1793;&#x17C5;&#x1780;&#x1798;&#x17D2;&#x179A;&#x17B7;&#x178F;&#x179F;&#x17B7;&#x1780;&#x17D2;&#x179F;&#x17B6;&#x1781;&#x17D2;&#x1796;&#x179F;&#x17CB;&#x1787;&#x17B6;&#x1784;&#x1793;&#x17C1;&#x17C7; &#x17D4;</subfield>
  </datafield>
  <datafield tag="520" ind1=" " ind2=" ">
    <subfield code="a">The textbook is a new version for Grade 12 that emphasizes exercises based on fundamental principles, serving as a solid foundation for acquiring knowledge at a higher level of education.
</subfield>
  </datafield>
  <datafield tag="650" ind1=" " ind2=" ">
    <subfield code="a">&#x1782;&#x178E;&#x17B7;&#x178F;&#x179C;&#x17B7;&#x1791;&#x17D2;&#x1799;&#x17B6;</subfield>
  </datafield>
  <datafield tag="650" ind1=" " ind2=" ">
    <subfield code="a">Mathematics</subfield>
  </datafield>
  <datafield tag="942" ind1=" " ind2=" ">
    <subfield code="2">ddc</subfield>
    <subfield code="c">KHB</subfield>
    <subfield code="n">0</subfield>
  </datafield>
  <datafield tag="999" ind1=" " ind2=" ">
    <subfield code="c">6667</subfield>
    <subfield code="d">6667</subfield>
  </datafield>
  <datafield tag="952" ind1=" " ind2=" ">
    <subfield code="0">0</subfield>
    <subfield code="1">0</subfield>
    <subfield code="2">ddc</subfield>
    <subfield code="4">0</subfield>
    <subfield code="7">0</subfield>
    <subfield code="8">KH</subfield>
    <subfield code="a">002</subfield>
    <subfield code="b">002</subfield>
    <subfield code="c">SKB</subfield>
    <subfield code="d">2025-05-19</subfield>
    <subfield code="l">0</subfield>
    <subfield code="o">SOM 510</subfield>
    <subfield code="p">2025-1332</subfield>
    <subfield code="r">2025-05-19 15:54:19</subfield>
    <subfield code="w">2025-05-19</subfield>
    <subfield code="y">KHB</subfield>
  </datafield>
</record>
